000 00736nam a2200253Ia 4500
003 OSt
005 20221005024958.0
006 a|||||r|||| 00| 0
007 ta
008 221004b |||||||| |||| 00| 0 ara d
020 _a9771424947 (pbk)
_c170.00
024 _a108450
037 _b347, 01/02/2011, Nadwi Publications
_cTextual
040 _aCRL
_cCRL
_bara
041 _2ara
_aara
082 _aO28,6N25x, P3
100 _aMansour Anis Au.
_9175259
245 0 _aHonaka farq
260 _aCairo
_bNahdetmisr Egypt
_c2003
300 _a190p.
_ccm.
650 _aARABIC PROSE
942 _hO28,6N25x, P3
_cTEXL
_2cc
999 _c933881
_d933881